000 00480nam a2200181Ia 4500
003 GCL
008 140319s9999 xx 000 0 eng d
040 _aGCL /
_cGCL
082 0 4 _aCC
_b050.941
_bS G
100 1 _aSADEK, A.F.
245 1 0 _aCOLLECTION SEIENTIFIQUE: GRAFFITI DE LA MONTAGNE THEBAINE, TOME 3\4 /
_cSADEK, A.F.
700 1 _aSADEK, A.A.
260 _a[S.N] :
_bCEDAE ،
_c1972
650 0 4 _aEGYPT
650 0 4 _aTHEBES
650 0 4 _aCOLLECTIONS
942 _2ddc
_cBK
999 _c17689
_d17689